Normal view MARC view

Entry Personal Name

Number of records used in: 3

001 - CONTROL NUMBER

  • control field: 82092

003 - CONTROL NUMBER IDENTIFIER

  • control field: dpl

005 - DATE AND TIME OF LATEST TRANSACTION

  • control field: 20250617104527.0

008 - FIXED-LENGTH DATA ELEMENTS

  • fixed length control field: 250617|| aca||aabn | a|a d

040 ## - CATALOGING SOURCE

  • Original cataloging agency: dpl
  • Transcribing agency: dpl

100 ## - HEADING--PERSONAL NAME

  • Personal name: Guddad, Shankar

670 ## - SOURCE DATA FOUND

  • Source citation: Work cat.: (dpl)211842: Sindhu K. 82091, Finance (Life Blood of an Organizationn)Accounts (Measures the Blood) Investment (Supplies the Blood)/, 2024

© Delhi Public Library
Hit Counter
free hit counter